000 00795nas a2200253 4500
001 BR0202115
003 BR-BrBNA
005 20231205102910.0
007 ta
008 230509b bl.|||p| |||| 00| 00por d
040 _aBR-BrBNA
_bpor
_cBiblioteca Nacional de Agricultura
041 _a(Pt)
072 _aS01
100 1 _aSalgado, J.M.
245 1 _aA cura pela laranja: saborosa e saudável, a laranja deve estar presente no dia-a-dia como induspensável alimento funcional
650 _aLARANJA
650 _aHISTÓRIA
650 _aVITAMINA C
650 _aNUTRIÇÃO HUMANA
650 _aEFICIÊNCIA NUTRICIONAL
773 0 _tAgroanalysis (Brazil)
_xISSN 0100-4298
_g(Apr 2001), v. 21(4) p. 44-45
_wBR0202115
909 _a202311
_bLúcia
_c55
_dLúcia Elande
942 _2AGRIS
_n0
_cANA
999 _c169959
_d169959